000 00453nam a2200193Ia 4500
008 101110s9999 xx 000 0 und d
041 _aENGLISH
082 _bSR4697
_a828
100 _aChilde, Sordon
245 _aWhat Happened in History
365 _b2.5
520 _aHistory
546 _aENGLISH
630 _aWhat Happened in History
650 _aHistory
655 _aHistory
730 _aWhat Happened in History
942 _cBOOK
999 _c800865
_d800862